[Event "Rhone op 4th"]
[Site "Rhone"]
[Date "2008.04.17"]
[Round "8"]
[White "Safranska, Anda"]
[Black "Petit, Didier"]
[Result "1-0"]
[WhiteElo "2299"]
[BlackElo "1952"]
[PlyCount "86"]
[EventDate "2008.04.12"]
[EventType "swiss"]
[EventRounds "9"]
[EventCountry "FRA"]
[SourceTitle "CBM 123 Extra"]
[Source "ChessBase"]
[SourceDate "2008.05.06"]
[SourceVersion "1"]
[SourceVersionDate "2008.05.06"]
[SourceQuality "1"]

1. e4 e6 2. d3 d5 3. Qe2 d4 4. f4 c5 5. Nf3 Nc6 6. g3 Nf6 7. Bg2 Be7 8. 0-0 0-0 9. h3 Qc7 10. g4 b5 11. a4 b4 12. Nbd2 Na5 13. b3 Bb7 14. Ne5 Rad8 15. Ndc4 Ba6 16. Nxa5 Qxa5 17. Nc6 Qc7 18. Nxd8 Rxd8 19. g5 Ne8 20. f5 Bc8 21. f6 gxf6 22. gxf6 Bxf6 23. Qg4+ Kh8 24. Bh6 e5 25. Qh5 Be6 26. Kh2 Ng7 27. Bxg7+ Bxg7 28. Bf3 f5 29. Rg1 Rf8 30. Rg2 Qf7 31. Qxf7 Rxf7 32. exf5 Bxf5 33. Bd5 Re7 34. Rf1 Bg6 35. Re2 a5 36. h4 Re8 37. Bf7 Re7 38. Bxg6 hxg6 39. Rg2 Kh7 40. Rg4 Bh6 41. Kg2 Be3 42. Kf3 Rd7 43. Ke4 Bf4 1-0

[Event "Loire-ch Top14 0708"]
[Site "Loire"]
[Date "2007.10.20"]
[Round "1"]
[White "Pareux, Marc"]
[Black "Petit, Didier"]
[Result "0-1"]
[WhiteElo "1740"]
[BlackElo "1959"]
[PlyCount "71"]
[EventDate "2007.10.20"]
[EventType "swiss"]
[EventRounds "7"]
[EventCountry "FRA"]
[SourceTitle "EXT 2010"]
[Source "ChessBase"]
[SourceDate "2010.11.25"]
[SourceVersion "1"]
[SourceVersionDate "2010.11.25"]
[SourceQuality "1"]

1. d4 d5 2. e4 dxe4 3. Nc3 Nf6 4. f3 exf3 5. Nxf3 Bg4 6. h3 Bh5 7. g4 Bg6 8. Ne5 Nbd7 9. Qf3 c6 10. Nxg6 hxg6 11. Bc4 Nb6 12. Bb3 Qd7 13. Be3 e6 14. 0-0-0 Bb4 15. Ne4 Nxe4 16. Qxe4 Qc7 17. Qe5 Nd5 18. Qxg7 0-0-0 19. Rdf1 Rdg8 20. Qe5 Bd6 21. Qe4 f5 22. gxf5 gxf5 23. Rxf5 exf5 24. Qxf5+ Qd7 25. Qxd7+ Kxd7 26. Bd2 Bg3 27. c4 Nf4 28. Bc2 Ne2+ 29. Kb1 Nxd4 30. Bc3 Rxh3 31. Bf5+ Nxf5 32. Rxh3 Bh2 33. Rd3+ Ke6 34. b4 b6 35. a4 c5 36. b5 0-1

[Event "Loire-ch Top20 0506"]
[Site "Loire"]
[Date "2006.02.11"]
[Round "5"]
[White "Petit, Didier"]
[Black "Cizeron, Frederic"]
[Result "1-0"]
[WhiteElo "1957"]
[BlackElo "2125"]
[PlyCount "112"]
[EventDate "2005.10.08"]
[EventType "swiss"]
[EventRounds "6"]
[EventCountry "FRA"]
[SourceTitle "EXT 2008"]
[Source "ChessBase"]
[SourceDate "2007.11.25"]
[SourceVersion "1"]
[SourceVersionDate "2007.11.25"]
[SourceQuality "1"]

1. c4 c6 2. Nc3 d5 3. cxd5 cxd5 4. Nf3 Nc6 5. d4 Nf6 6. a3 Bf5 7. e3 e6 8. Bd3 Bxd3 9. Qxd3 Bd6 10. e4 dxe4 11. Nxe4 Nxe4 12. Qxe4 Qa5+ 13. Bd2 Qd5 14. Qg4 0-0-0 15. Rc1 h5 16. Qg5 Qxg5 17. Nxg5 Rd7 18. Be3 Bc7 19. 0-0 Bb6 20. d5 Rxd5 21. Bxb6 axb6 22. h4 Rd7 23. b4 Kb8 24. Rfd1 Rhd8 25. Rxd7 Rxd7 26. Rc3 Nd4 27. Kh2 f6 28. Ne4 Nf5 29. g3 Rd4 30. f3 Nd6 31. Nxd6 Rxd6 32. g4 hxg4 33. fxg4 Rc6 34. Re3 Kc7 35. Rd3 Rd6 36. Rc3+ Kd7 37. Kg3 e5 38. Kf3 Ke6 39. h5 Rc6 40. Rd3 Rc4 41. Rd8 Rc3+ 42. Ke4 Rxa3 43. Re8+ Kd6 44. Rg8 Rb3 45. Rxg7 Rxb4+ 46. Kf3 Ra4 47. h6 Ra3+ 48. Ke4 Rh3 49. h7 Kc6 50. Kf5 b5 51. Kxf6 e4 52. Re7 Kd6 53. Rxb7 e3 54. Rxb5 Rxh7 55. g5 Rh1 56. Rb2 Rf1+ 1-0

[Event "Loire-ch Top20 0203"]
[Site "Loire"]
[Date "2003.03.22"]
[Round "7"]
[White "Petit, Didier"]
[Black "Rea, Laurent"]
[Result "1-0"]
[WhiteElo "1760"]
[BlackElo "1750"]
[PlyCount "59"]
[EventDate "2002.10.??"]
[EventType "swiss"]
[EventRounds "9"]
[EventCountry "FRA"]
[SourceTitle "EXT 2008"]
[Source "ChessBase"]
[SourceDate "2007.11.25"]
[SourceVersion "1"]
[SourceVersionDate "2007.11.25"]
[SourceQuality "1"]

1. c4 Nf6 2. Nc3 d6 3. g3 c6 4. Bg2 e5 5. d4 Nbd7 6. d5 c5 7. e3 Be7 8. Nge2 0-0 9. 0-0 Ne8 10. f4 f5 11. e4 fxe4 12. Nxe4 Nef6 13. N2c3 a6 14. a4 Nxe4 15. Nxe4 b6 16. Bd2 Ra7 17. Rc1 Nf6 18. fxe5 Nxe4 19. Bxe4 dxe5 20. Qh5 g6 21. Bxg6 hxg6 22. Qxg6+ Kh8 23. Rxf8+ Qxf8 24. Rf1 Qg7 25. Qe8+ Qg8 26. Qh5+ Qh7 27. Qxe5+ Qg7 28. Qh5+ Kg8 29. Bc3 Qg4 30. Qh8# 1-0